| 000 | 00618nam a22001577a 4500 | ||
|---|---|---|---|
| 020 | _a0-340-61932-5 | ||
| 082 |
_a823 _bDAN/L |
||
| 100 | _aDANIELS, LUCY | ||
| 245 | _aANIMAL ARK | ||
| 246 | _aLAMB IN THE LAUNDRY | ||
| 260 |
_aLONDON _bHODDER CHILDREN BOOKS _c1995 |
||
| 300 | _a151 | ||
| 520 | _aThe basic storyline is: Mandy Hope and her best friend, James Hunter, along with Mandy's father, go to help a family, the Spillers, with lambing. The Spillers have a daughter named Jenny and are expecting another baby. Young Jenny loves a frail black lamb rejected by his mother. | ||
| 650 | _aSHORT STORY | ||
| 942 | _cBK | ||
| 999 |
_c6548 _d6548 |
||